<?xml version="1.0" encoding="UTF-8"?>
<record
    xmlns:xsi="http://www.w3.org/2001/XMLSchema-instance"
    xsi:schemaLocation="http://www.loc.gov/MARC21/slim http://www.loc.gov/standards/marcxml/schema/MARC21slim.xsd"
    xmlns="http://www.loc.gov/MARC21/slim">

  <leader>01756nam a22001697a 4500</leader>
  <controlfield tag="008">180801b        xxu||||| |||| 00| 0 eng d</controlfield>
  <datafield tag="020" ind1=" " ind2=" ">
    <subfield code="a">9781259254055</subfield>
  </datafield>
  <datafield tag="050" ind1=" " ind2=" ">
    <subfield code="a">KF889.85.L58</subfield>
  </datafield>
  <datafield tag="100" ind1=" " ind2=" ">
    <subfield code="a">Liuzzo, Anthony L.</subfield>
  </datafield>
  <datafield tag="245" ind1=" " ind2=" ">
    <subfield code="a">Essentials of business law. /</subfield>
    <subfield code="c">Anthony L. Liuzzo.</subfield>
  </datafield>
  <datafield tag="250" ind1=" " ind2=" ">
    <subfield code="a">9th ed.</subfield>
  </datafield>
  <datafield tag="260" ind1=" " ind2=" ">
    <subfield code="a">New York :</subfield>
    <subfield code="b">McGraw-Hill/ Education,</subfield>
    <subfield code="c">2016.</subfield>
  </datafield>
  <datafield tag="300" ind1=" " ind2=" ">
    <subfield code="a">xxxvi, 668p. :</subfield>
    <subfield code="b">ill. ;</subfield>
    <subfield code="c">26 cm.</subfield>
  </datafield>
  <datafield tag="500" ind1=" " ind2=" ">
    <subfield code="a">Includes appendix, glossary, photo credits and index.</subfield>
  </datafield>
  <datafield tag="505" ind1=" " ind2=" ">
    <subfield code="a">Contents: Part 1: Introduction to law: 1. Our system of law -- 2. Ethics and the law -- 3. Criminal law --4. Tort law -- 5. Constitutional law -- 6. Administrative law -- Part 2: Contracts: 7. Introduction to contracts -- 8. Offer and acceptance -- 9. Mutual agreement -- 10. Consideration --  11. Competent parties -- 12. Legal purpose of contracts -- 13.Form of contracts -- 14. Operation of contracts -- 15. Discharge of contracts -- Part 3: Sale, agency, and business organizations: 16. Transfer of title -- 17. Sales -- 18. Warranties -- 19. Agency -- 20. Business organizations -- 21. Bankruptcy -- Part 4: Commercial Paper: 22. Introduction to commercial paper -- 23. Transfer and discharge of commercial paper -- Part 5: Property: 24. Real and personal property -- 25. Bailments -- 26. Landlord-tenant relations -- 27. Wills, intestacy, and trusts -- Part 6: Business and technology: 28. Intellectual property -- 29. Computer privacy and speech -- 30. Conducting business in cyberspace -- Part 7: Legal environment of business: 31. The employer-employee relationship -- 32. Employment law -- 33. Product liability -- 34. Professionals' liability  -- 35. International business law -- 36. Business and the environment -- 37. Health care law.</subfield>
  </datafield>
  <datafield tag="942" ind1=" " ind2=" ">
    <subfield code="2">lcc</subfield>
    <subfield code="c">BK</subfield>
  </datafield>
  <datafield tag="999" ind1=" " ind2=" ">
    <subfield code="c">6616</subfield>
    <subfield code="d">14116</subfield>
  </datafield>
  <datafield tag="952" ind1=" " ind2=" ">
    <subfield code="0">0</subfield>
    <subfield code="1">0</subfield>
    <subfield code="2">lcc</subfield>
    <subfield code="4">0</subfield>
    <subfield code="7">0</subfield>
    <subfield code="a">WIUC-1</subfield>
    <subfield code="b">WIUC-1</subfield>
    <subfield code="c">REF</subfield>
    <subfield code="d">2018-08-01</subfield>
    <subfield code="l">0</subfield>
    <subfield code="o">KF889.85.L58</subfield>
    <subfield code="p">8235/053/18</subfield>
    <subfield code="r">2018-08-01 00:00:00</subfield>
    <subfield code="t">1</subfield>
    <subfield code="w">2018-08-01</subfield>
    <subfield code="y">BK</subfield>
  </datafield>
</record>
